000 00468 a2200169 4500
005 20250415102628.0
020 _a978-0-273-68548-7
082 _a657 .2 WOO
100 _aWOODS , F.
245 _aBoo-keeping and Accounts.
250 _a6th Ed.
260 _aNew York,
_bPrentice Hall,
_c2004.
300 _aviii,575p.: Ill.;figure
_bIndex
_c24cm.
700 _aROBINSON, S.
856 _yAccess Online Book
_fBook-keeping
_dwww.booksites.net/wood
942 _2ddc
_cBKS
999 _c1441
_d1441